लोड हो रहा है...

The claims in India

ग्रंथसूची विवरण
मुख्य लेखक: Chandak Madhusudan Lal
भाषा:English
प्रकाशित: Indore The lawyers home 1972
विषय:
LEADER 00376nam a22001457a 4500
003 OSt
008 100827t xxu||||| |||| 00| 0 eng d
080 |a 347.426(546)  |a CHA 
100 |a Chandak Madhusudan Lal  |9 15995 
245 |a  The claims in India 
260 |a Indore  |b The lawyers home  |c 1972 
300 |a 604p. 
653 |a Damage and dameges  |a India 
942 |c BK  |6 _ 
999 |c 128640  |d 128640